[Event "ESTCC 65 2019"]
[Site "Mali Losinj"]
[Date "2019.09.22"]
[Round "5.22"]
[White "Egan, Colm"]
[Black "Ahlstrom, Per"]
[Result "0-1"]
[WhiteElo "1710"]
[BlackElo "1838"]
[Annotator "NA"]
[PlyCount "76"]
[EventDate "2019.09.18"]
[EventType "team-tourn"]
[EventCountry "CRO"]
[SourceTitle "playchess.com"]
[Source "ChessBase"]
[SourceQuality "1"]
[WhiteTeam "Ireland"]
[BlackTeam "Sweden"]
[WhiteTeamCountry "IRL"]
[BlackTeamCountry "SWE"]
[TimeControl "40/5400+30:1800+30"]

1. d4 {[%emt 0:00:30]} Nf6 {[%emt 0:00:30]} 2. Bg5 {[%emt 0:00:00]} e6 {[%emt 0:00:30]} 3. Bxf6 {[%emt 0:01:00]} Qxf6 {[%emt 0:00:30]} 4. e4 {[%emt 0:00:30]} d6 {[%emt 0:09:30]} 5. Nf3 {[%emt 0:03:30]} e5 {[%emt 0:08:30]} 6. Nc3 {[%emt 0:03:30]} c6 {[%emt 0:06:30]} 7. Qd2 {[%emt 0:05:30]} Be7 {[%emt 0:02:30]} 8. h3 {[%emt 0:00:30]} Nd7 {[%emt 0:02:30]} 9. d5 {[%emt 0:03:30]} Nb6 {[%emt 0:04:30]} 10. Be2 {[%emt 0:09:30]} Bd7 {[%emt 0:03:30]} 11. O-O-O {[%emt 0:05:30]} Rc8 {[%emt 0:02:30]} 12. g4 {[%emt 0:03:30]} g6 {[%emt 0:02:30]} 13. Kb1 {[%emt 0:00:30]} Qg7 {[%emt 0:05:30]} 14. g5 {[%emt 0:05:30]} h5 {[%emt 0:14:30]} 15. h4 {[%emt 0:04:30]} O-O {[%emt 0:07:30]} 16. Qe3 {[%emt 0:10:30]} Rc7 {[%emt 0:02:30]} 17. Nd2 {[%emt 0:05:30]} Rfc8 {[%emt 0:02:30]} 18. dxc6 {[%emt 0:07:30]} bxc6 {[%emt 0:01:30]} 19. Ba6 {[%emt 0:02:30]} Rb8 {[%emt 0:00:30]} 20. Nb3 {[%emt 0:01:30]} Be6 {[%emt 0:02:38]} 21. Qe2 {[%emt 0:05:30]} d5 {[%emt 0:02:30]} 22. exd5 {[%emt 0:00:30]} Nxd5 {[%emt 0:02:27]} 23. Nxd5 {[%emt 0:02:37]} cxd5 {[%emt 0:00:14]} 24. Rhe1 {[%emt 0:03:04]} Rb6 {[%emt 0:01:36]} 25. c3 {[%emt 0:02:07]} e4 {[%emt 0:02:55]} 26. Rd4 {[%emt 0:01:16]} Bc5 {[%emt 0:01:31]} 27. Nxc5 {[%emt 0:01:37]} Rxc5 {[%emt 0:00:04]} 28. Qf1 {[%emt 0:00:32]} Rxc3 {[%emt 0:01:23]} 29. Rd2 {[%emt 0:01:07]} Rc5 {[%emt 0:00:38]} 30. Rc1 {[%emt 0:01:49]} Ra5 {[%emt 0:00:23]} 31. Bc8 {[%emt 0:00:52]} Bxc8 {[%emt 0:02:25]} 32. Rxc8+ {[%emt 0:00:12]} Kh7 {[%emt 0:00:03]} 33. Qe1 {[%emt 0:00:53]} Rab5 {[%emt 0:00:21]} 34. Qc1 {[%emt 0:01:11]} Qe5 {[%emt 0:01:04]} 35. Rc7 {[%emt 0:00:23]} Rxb2+ {[%emt 0:01:16]} 36. Rxb2 {[%emt 0:01:08]} Rxb2+ {[%emt 0:00:06]} 37. Qxb2 {[%emt 0:00:23]} Qxc7 {[%emt 0:00:05]} 38. Qd4 {[%emt 0:00:30]} Qb6+ {[%emt 0:00:31]} 0-1

[Event "ESTCC 65 2019"]
[Site "Mali Losinj"]
[Date "2019.09.22"]
[Round "5.23"]
[White "Dalling, Peter"]
[Black "Cassidy, Sydney"]
[Result "1-0"]
[WhiteElo "1824"]
[BlackElo "1599"]
[Annotator "NA"]
[PlyCount "51"]
[EventDate "2019.09.18"]
[EventType "team-tourn"]
[EventCountry "CRO"]
[SourceTitle "playchess.com"]
[Source "ChessBase"]
[SourceQuality "1"]
[WhiteTeam "Sweden"]
[BlackTeam "Ireland"]
[WhiteTeamCountry "SWE"]
[BlackTeamCountry "IRL"]
[TimeControl "40/5400+30:1800+30"]

1. e4 {[%emt 0:00:30]} c5 {[%emt 0:00:30]} 2. Nf3 {[%emt 0:00:00]} d6 {[%emt 0:00:00]} 3. d4 {[%emt 0:00:00]} cxd4 {[%emt 0:00:00]} 4. c3 {[%emt 0:00:00]} Nf6 {[%emt 0:01:30]} 5. Bd3 {[%emt 0:00:00]} e6 {[%emt 0:01:30]} 6. O-O {[%emt 0:00:30]} Be7 {[%emt 0:01:30]} 7. cxd4 {[%emt 0:01:30]} O-O {[%emt 0:00:30]} 8. Nc3 {[%emt 0:00:30]} Nc6 {[%emt 0:00:30]} 9. h3 {[%emt 0:01:30]} b6 {[%emt 0:02:30]} 10. Qe2 {[%emt 0:01:30]} Bb7 {[%emt 0:01:30]} 11. Be3 {[%emt 0:00:30]} Re8 {[%emt 0:01:30]} 12. Rac1 {[%emt 0:00:30]} Rc8 {[%emt 0:05:30]} 13. Rfd1 {[%emt 0:00:00]} Rc7 {[%emt 0:02:30]} 14. Bb5 {[%emt 0:02:00]} d5 {[%emt 0:03:30]} 15. e5 {[%emt 0:01:30]} Nd7 {[%emt 0:01:30]} 16. Bf4 {[%emt 0:03:30]} Qa8 {[%emt 0:04:30]} 17. Nxd5 {[%emt 0:04:30]} exd5 {[%emt 0:06:30]} 18. e6 {[%emt 0:00:30]} Nxd4 {[%emt 0:06:30]} 19. Nxd4 {[%emt 0:00:30]} Rxc1 {[%emt 0:02:30]} 20. Rxc1 {[%emt 0:00:30]} Nc5 {[%emt 0:08:30]} 21. exf7+ {[%emt 0:02:30]} Kxf7 {[%emt 0:00:30]} 22. Bxe8+ {[%emt 0:00:30]} Kxe8 {[%emt 0:03:30]} 23. b4 {[%emt 0:03:30]} Ne4 {[%emt 0:03:30]} 24. f3 {[%emt 0:01:30]} Bxb4 {[%emt 0:01:30]} 25. fxe4 {[%emt 0:00:00]} dxe4 {[%emt 0:00:30]} 26. Qb5+ {[%emt 0:02:00]} 1-0

[Event "ESTCC 65 2019"]
[Site "Mali Losinj"]
[Date "2019.09.22"]
[Round "5.24"]
[White "Durkan, Joe"]
[Black "Palsson, Bertil"]
[Result "1-0"]
[WhiteElo "1459"]
[BlackElo "1784"]
[Annotator "NA"]
[PlyCount "57"]
[EventDate "2019.09.18"]
[EventType "team-tourn"]
[EventCountry "CRO"]
[SourceTitle "playchess.com"]
[Source "ChessBase"]
[SourceQuality "1"]
[WhiteTeam "Ireland"]
[BlackTeam "Sweden"]
[WhiteTeamCountry "IRL"]
[BlackTeamCountry "SWE"]
[TimeControl "40/5400+30:1800+30"]

1. e4 {[%emt 0:00:30]} d5 {[%emt 0:00:30]} 2. e5 {[%emt 0:00:30]} c5 {[%emt 0:00:00]} 3. c3 {[%emt 0:01:30]} Bf5 {[%emt 0:07:00]} 4. Nf3 {[%emt 0:01:30]} Nc6 {[%emt 0:00:30]} 5. d4 {[%emt 0:01:30]} c4 {[%emt 0:03:30]} 6. Nh4 {[%emt 0:02:30]} e6 {[%emt 0:00:30]} 7. Nxf5 {[%emt 0:02:30]} exf5 {[%emt 0:00:30]} 8. g3 {[%emt 0:00:00]} f6 {[%emt 0:04:30]} 9. exf6 {[%emt 0:01:00]} Nxf6 {[%emt 0:00:30]} 10. Bh3 {[%emt 0:04:30]} g6 {[%emt 0:05:30]} 11. O-O {[%emt 0:00:30]} Be7 {[%emt 0:04:30]} 12. Qe2 {[%emt 0:01:30]} Qd7 {[%emt 0:01:30]} 13. Re1 {[%emt 0:04:30]} O-O-O {[%emt 0:01:30]} 14. Bf4 {[%emt 0:04:30]} Rde8 {[%emt 0:06:30]} 15. Qc2 {[%emt 0:02:30]} Bd6 {[%emt 0:01:30]} 16. Rxe8+ {[%emt 0:03:30]} Rxe8 {[%emt 0:00:30]} 17. Be3 {[%emt 0:00:30]} Ne4 {[%emt 0:01:30]} 18. Nd2 {[%emt 0:00:30]} h6 {[%emt 0:01:30]} 19. Nf1 {[%emt 0:02:30]} Kb8 {[%emt 0:05:30]} 20. Re1 {[%emt 0:14:30]} Qf7 {[%emt 0:03:30]} 21. Qc1 {[%emt 0:02:30]} Rh8 {[%emt 0:05:30]} 22. Bf4 {[%emt 0:02:30]} g5 {[%emt 0:06:30]} 23. Bxd6+ {[%emt 0:02:30]} Nxd6 {[%emt 0:00:00]} 24. Re2 {[%emt 0:11:30]} g4 {[%emt 0:07:00]} 25. Qf4 {[%emt 0:01:30]} Kc7 {[%emt 0:00:30]} 26. Bg2 {[%emt 0:01:30]} Kd7 {[%emt 0:01:30]} 27. Ne3 {[%emt 0:00:30]} Ne7 {[%emt 0:00:30]} 28. Qe5 {[%emt 0:02:30]} Ne4 {[%emt 0:02:30]} 29. Qxh8 {[%emt 0:02:30]} 1-0

[Event "ESTCC 65 2019"]
[Site "Mali Losinj"]
[Date "2019.09.22"]
[Round "5.25"]
[White "Kolbak, Jens"]
[Black "Peltola, Leo"]
[Result "1-0"]
[WhiteElo "2173"]
[BlackElo "1966"]
[Annotator "NA"]
[PlyCount "97"]
[EventDate "2019.09.18"]
[EventType "team-tourn"]
[EventCountry "CRO"]
[SourceTitle "playchess.com"]
[Source "ChessBase"]
[SourceQuality "1"]
[WhiteTeam "Denmark"]
[BlackTeam "Finland"]
[WhiteTeamCountry "DEN"]
[BlackTeamCountry "FIN"]
[TimeControl "40/5400+30:1800+30"]

1. d4 {[%emt 0:00:30]} Nf6 {[%emt 0:00:30]} 2. Nf3 {[%emt 0:00:00]} d5 {[%emt 0:00:00]} 3. c4 {[%emt 0:00:00]} e6 {[%emt 0:00:00]} 4. e3 {[%emt 0:02:30]} b6 {[%emt 0:01:30]} 5. Nc3 {[%emt 0:00:30]} Bb7 {[%emt 0:00:30]} 6. cxd5 {[%emt 0:01:30]} exd5 {[%emt 0:00:30]} 7. Bd3 {[%emt 0:03:30]} Be7 {[%emt 0:01:30]} 8. O-O {[%emt 0:00:30]} Nbd7 {[%emt 0:00:30]} 9. Qc2 {[%emt 0:02:30]} O-O {[%emt 0:02:30]} 10. Ne5 {[%emt 0:11:30]} c5 {[%emt 0:02:30]} 11. Bf5 {[%emt 0:08:30]} g6 {[%emt 0:03:30]} 12. Nxd7 {[%emt 0:00:30]} Nxd7 {[%emt 0:00:30]} 13. Bh3 {[%emt 0:00:00]} Bf6 {[%emt 0:02:30]} 14. Qa4 {[%emt 0:05:00]} Nb8 {[%emt 0:04:30]} 15. Rd1 {[%emt 0:00:00]} Bc6 {[%emt 0:01:30]} 16. Qc2 {[%emt 0:03:00]} c4 {[%emt 0:04:30]} 17. e4 {[%emt 0:11:30]} Na6 {[%emt 0:04:30]} 18. a3 {[%emt 0:05:30]} Nc7 {[%emt 0:02:30]} 19. e5 {[%emt 0:02:30]} Bg7 {[%emt 0:00:00]} 20. Be3 {[%emt 0:02:30]} Bd7 {[%emt 0:02:00]} 21. Bxd7 {[%emt 0:00:30]} Qxd7 {[%emt 0:00:30]} 22. a4 {[%emt 0:05:30]} a6 {[%emt 0:02:30]} 23. b3 {[%emt 0:03:30]} b5 {[%emt 0:00:30]} 24. bxc4 {[%emt 0:00:30]} bxc4 {[%emt 0:00:30]} 25. Rab1 {[%emt 0:00:30]} Rfb8 {[%emt 0:02:30]} 26. Rb2 {[%emt 0:00:30]} a5 {[%emt 0:12:30]} 27. Rdb1 {[%emt 0:00:30]} Rxb2 {[%emt 0:02:30]} 28. Qxb2 {[%emt 0:01:30]} Na6 {[%emt 0:03:30]} 29. Qb5 {[%emt 0:02:30]} Qxb5 {[%emt 0:00:30]} 30. Rxb5 {[%emt 0:00:00]} Nb4 {[%emt 0:03:30]} 31. Kf1 {[%emt 0:02:00]} Bf8 {[%emt 0:01:30]} 32. Ke2 {[%emt 0:02:30]} Nc2 {[%emt 0:07:30]} 33. Nxd5 {[%emt 0:01:30]} Bb4 {[%emt 0:00:30]} 34. Kd1 {[%emt 0:08:53]} Na3 {[%emt 0:03:30]} 35. Rb7 {[%emt 0:00:24]} Bf8 {[%emt 0:01:30]} 36. Nf6+ {[%emt 0:06:13]} Kg7 {[%emt 0:00:30]} 37. Bc1 {[%emt 0:01:08]} Rd8 {[%emt 0:03:30]} 38. Nd7 {[%emt 0:00:34]} Bb4 {[%emt 0:00:30]} 39. Bxa3 {[%emt 0:00:15]} Bxa3 {[%emt 0:00:30]} 40. Kc2 {[%emt 0:00:08]} Bb4 {[%emt 0:00:30]} 41. d5 {[%emt 0:32:07]} h5 {[%emt 0:31:30]} 42. d6 {[%emt 0:03:04]} g5 {[%emt 0:00:30]} 43. Nb6 {[%emt 0:01:10]} c3 {[%emt 0:03:30]} 44. Nd5 {[%emt 0:02:42]} Kg6 {[%emt 0:01:30]} 45. Nxb4 {[%emt 0:00:26]} axb4 {[%emt 0:00:30]} 46. Rxb4 {[%emt 0:00:03]} Kf5 {[%emt 0:00:00]} 47. Rb5 {[%emt 0:01:06]} f6 {[%emt 0:01:06]} 48. exf6+ {[%emt 0:00:44]} Kxf6 {[%emt 0:00:24]} 49. a5 {[%emt 0:01:12]} 1-0

[Event "ESTCC 65 2019"]
[Site "Mali Losinj"]
[Date "2019.09.22"]
[Round "5.26"]
[White "Karppinen, Martti"]
[Black "Olesen, Poul Erik Norgaard"]
[Result "1/2-1/2"]
[WhiteElo "1925"]
[BlackElo "1996"]
[Annotator "NA"]
[PlyCount "96"]
[EventDate "2019.09.18"]
[EventType "team-tourn"]
[EventCountry "CRO"]
[SourceTitle "playchess.com"]
[Source "ChessBase"]
[SourceQuality "1"]
[WhiteTeam "Finland"]
[BlackTeam "Denmark"]
[WhiteTeamCountry "FIN"]
[BlackTeamCountry "DEN"]
[TimeControl "40/5400+30:1800+30"]

1. d4 {[%emt 0:00:30]} g6 {[%emt 0:00:30]} 2. g3 {[%emt 0:01:30]} Bg7 {[%emt 0:00:00]} 3. Bg2 {[%emt 0:00:30]} Nf6 {[%emt 0:00:00]} 4. Nf3 {[%emt 0:03:30]} d6 {[%emt 0:00:30]} 5. O-O {[%emt 0:01:30]} c6 {[%emt 0:00:30]} 6. c3 {[%emt 0:02:30]} O-O {[%emt 0:01:30]} 7. a4 {[%emt 0:02:30]} Qc7 {[%emt 0:03:30]} 8. Na3 {[%emt 0:04:30]} e5 {[%emt 0:03:30]} 9. Bg5 {[%emt 0:05:30]} h6 {[%emt 0:02:30]} 10. Bxf6 {[%emt 0:02:30]} Bxf6 {[%emt 0:00:30]} 11. Qc1 {[%emt 0:07:30]} Bg7 {[%emt 0:00:30]} 12. dxe5 {[%emt 0:01:30]} dxe5 {[%emt 0:00:30]} 13. e4 {[%emt 0:03:30]} Be6 {[%emt 0:09:30]} 14. Nc2 {[%emt 0:04:30]} Nd7 {[%emt 0:02:30]} 15. Qe3 {[%emt 0:06:30]} a5 {[%emt 0:02:30]} 16. Rfd1 {[%emt 0:05:30]} Bb3 {[%emt 0:04:30]} 17. Rdc1 {[%emt 0:08:30]} Nb6 {[%emt 0:04:30]} 18. Bf1 {[%emt 0:04:30]} Bxa4 {[%emt 0:10:30]} 19. Na3 {[%emt 0:04:30]} Bb3 {[%emt 0:02:30]} 20. c4 {[%emt 0:01:30]} a4 {[%emt 0:00:30]} 21. Nd2 {[%emt 0:01:30]} Rfd8 {[%emt 0:01:30]} 22. Nxb3 {[%emt 0:03:30]} axb3 {[%emt 0:00:30]} 23. Qxb3 {[%emt 0:02:30]} Na4 {[%emt 0:02:30]} 24. Nc2 {[%emt 0:01:34]} Nc5 {[%emt 0:03:30]} 25. Qe3 {[%emt 0:01:45]} Rxa1 {[%emt 0:01:30]} 26. Rxa1 {[%emt 0:00:29]} Ne6 {[%emt 0:00:30]} 27. Kg2 {[%emt 0:03:52]} Nd4 {[%emt 0:02:30]} 28. Nxd4 {[%emt 0:05:40]} exd4 {[%emt 0:00:30]} 29. Qd2 {[%emt 0:01:39]} c5 {[%emt 0:02:30]} 30. Bd3 {[%emt 0:01:06]} b6 {[%emt 0:06:30]} 31. Qd1 {[%emt 0:02:40]} b5 {[%emt 0:07:30]} 32. b3 {[%emt 0:02:48]} bxc4 {[%emt 0:01:30]} 33. bxc4 {[%emt 0:00:30]} Qc6 {[%emt 0:00:30]} 34. Qf3 {[%emt 0:00:54]} Ra8 {[%emt 0:04:30]} 35. Rxa8+ {[%emt 0:00:38]} Qxa8 {[%emt 0:00:00]} 36. h4 {[%emt 0:00:32]} h5 {[%emt 0:02:55]} 37. Bc2 {[%emt 0:02:09]} Qa5 {[%emt 0:04:02]} 38. Bd3 {[%emt 0:00:24]} Qc3 {[%emt 0:02:52]} 39. Qe2 {[%emt 0:00:47]} Bh6 {[%emt 0:02:05]} 40. e5 {[%emt 0:00:35]} Qd2 {[%emt 0:02:11]} 41. e6 {[%emt 0:31:26]} Qxe2 {[%emt 0:32:23]} 42. exf7+ {[%emt 0:00:30]} Kxf7 {[%emt 0:00:18]} 43. Bxe2 {[%emt 0:00:05]} Kf6 {[%emt 0:00:00]} 44. f4 {[%emt 0:00:00]} Bf8 {[%emt 0:00:00]} 45. Kf3 {[%emt 0:00:00]} Bd6 {[%emt 0:00:00]} 46. Bd3 {[%emt 0:00:00]} Bf8 {[%emt 0:00:00]} 47. Bf1 {[%emt 0:00:00]} Bd6 {[%emt 0:00:00]} 48. Ke4 {[%emt 0:00:00]} Bf8 {[%emt 0:00:00]} 1/2-1/2

[Event "ESTCC 65 2019"]
[Site "Mali Losinj"]
[Date "2019.09.22"]
[Round "5.27"]
[White "Jorgensen, Arne Bjorn"]
[Black "Virtanen, Esko"]
[Result "1/2-1/2"]
[WhiteElo "1996"]
[BlackElo "1771"]
[Annotator "NA"]
[PlyCount "190"]
[EventDate "2019.09.18"]
[EventType "team-tourn"]
[EventCountry "CRO"]
[SourceTitle "playchess.com"]
[Source "ChessBase"]
[SourceQuality "1"]
[WhiteTeam "Denmark"]
[BlackTeam "Finland"]
[WhiteTeamCountry "DEN"]
[BlackTeamCountry "FIN"]
[TimeControl "40/5400+30:1800+30"]

1. d4 {[%emt 0:00:30]} d5 {[%emt 0:00:30]} 2. c4 {[%emt 0:00:00]} c6 {[%emt 0:00:00]} 3. Nc3 {[%emt 0:00:00]} Nf6 {[%emt 0:00:00]} 4. Nf3 {[%emt 0:00:30]} Bf5 {[%emt 0:00:30]} 5. Bf4 {[%emt 0:01:30]} e6 {[%emt 0:00:30]} 6. e3 {[%emt 0:00:30]} Nh5 {[%emt 0:04:30]} 7. Bg5 {[%emt 0:05:30]} Be7 {[%emt 0:01:30]} 8. Bxe7 {[%emt 0:01:30]} Qxe7 {[%emt 0:00:30]} 9. Be2 {[%emt 0:02:30]} Nf6 {[%emt 0:02:30]} 10. a3 {[%emt 0:01:30]} h6 {[%emt 0:00:30]} 11. Rc1 {[%emt 0:01:30]} O-O {[%emt 0:00:30]} 12. O-O {[%emt 0:00:00]} dxc4 {[%emt 0:01:30]} 13. Bxc4 {[%emt 0:00:00]} c5 {[%emt 0:02:30]} 14. Qe2 {[%emt 0:08:30]} cxd4 {[%emt 0:01:30]} 15. Nxd4 {[%emt 0:00:30]} Bg6 {[%emt 0:01:30]} 16. Rfd1 {[%emt 0:06:30]} Nbd7 {[%emt 0:00:30]} 17. e4 {[%emt 0:07:30]} Ne5 {[%emt 0:10:30]} 18. Ba2 {[%emt 0:02:30]} Rac8 {[%emt 0:00:30]} 19. h3 {[%emt 0:03:30]} Rfd8 {[%emt 0:00:30]} 20. g4 {[%emt 0:17:30]} Nc6 {[%emt 0:02:30]} 21. Nxc6 {[%emt 0:02:30]} Rxc6 {[%emt 0:00:30]} 22. Rxd8+ {[%emt 0:00:30]} Qxd8 {[%emt 0:00:00]} 23. Rd1 {[%emt 0:00:30]} Qe7 {[%emt 0:07:00]} 24. e5 {[%emt 0:06:30]} Nd7 {[%emt 0:02:30]} 25. Qe3 {[%emt 0:00:30]} a6 {[%emt 0:01:30]} 26. Qd4 {[%emt 0:04:30]} Nf8 {[%emt 0:03:30]} 27. Qd8 {[%emt 0:04:30]} Qxd8 {[%emt 0:26:30]} 28. Rxd8 {[%emt 0:00:00]} b5 {[%emt 0:00:00]} 29. f4 {[%emt 0:03:00]} f5 {[%emt 0:03:00]} 30. exf6 {[%emt 0:02:38]} gxf6 {[%emt 0:00:00]} 31. Kf2 {[%emt 0:01:57]} f5 {[%emt 0:01:00]} 32. Ke3 {[%emt 0:01:03]} fxg4 {[%emt 0:01:30]} 33. hxg4 {[%emt 0:00:34]} h5 {[%emt 0:00:00]} 34. gxh5 {[%emt 0:00:56]} Bxh5 {[%emt 0:00:00]} 35. Nd5 {[%emt 0:06:16]} Kg7 {[%emt 0:01:30]} 36. Nc3 {[%emt 0:00:56]} Bg4 {[%emt 0:00:30]} 37. Rd2 {[%emt 0:02:48]} Bf5 {[%emt 0:01:30]} 38. Ne4 {[%emt 0:00:59]} Bh3 {[%emt 0:05:30]} 39. Bb1 {[%emt 0:00:38]} Bf5 {[%emt 0:00:30]} 40. Bd3 {[%emt 0:00:40]} Kf7 {[%emt 0:00:30]} 41. Be2 {[%emt 0:31:53]} Ke7 {[%emt 0:30:30]} 42. Bf3 {[%emt 0:00:21]} Rb6 {[%emt 0:00:30]} 43. b4 {[%emt 0:01:23]} Ng6 {[%emt 0:00:30]} 44. Nc5 {[%emt 0:01:31]} e5 {[%emt 0:00:00]} 45. fxe5 {[%emt 0:00:00]} Nxe5 {[%emt 0:00:00]} 46. Kf4 {[%emt 0:00:00]} Nxf3 {[%emt 0:00:00]} 47. Kxf3 {[%emt 0:00:00]} Rh6 {[%emt 0:00:00]} 48. Kf4 {[%emt 0:00:00]} Bc8 {[%emt 0:00:00]} 49. Re2+ {[%emt 0:00:00]} Kd8 {[%emt 0:00:00]} 50. Re3 {[%emt 0:00:00]} Kc7 {[%emt 0:00:00]} 51. Rg3 {[%emt 0:00:00]} Kb6 {[%emt 0:00:00]} 52. Nb3 {[%emt 0:00:00]} Rh4+ {[%emt 0:00:00]} 53. Ke5 {[%emt 0:00:00]} Rh5+ {[%emt 0:00:00]} 54. Kd4 {[%emt 0:00:00]} Rh4+ {[%emt 0:00:00]} 55. Kc3 {[%emt 0:00:00]} Rh3 {[%emt 0:00:00]} 56. Rxh3 {[%emt 0:00:00]} Bxh3 {[%emt 0:00:00]} 57. Kd4 {[%emt 0:00:00]} Be6 {[%emt 0:00:00]} 58. Nc5 {[%emt 0:00:00]} Bg4 {[%emt 0:00:00]} 59. Ke5 {[%emt 0:00:17]} a5 {[%emt 0:00:00]} 60. Kd6 {[%emt 0:00:32]} axb4 {[%emt 0:00:00]} 61. axb4 {[%emt 0:00:08]} Be2 {[%emt 0:00:00]} 62. Nd7+ {[%emt 0:00:33]} Kb7 {[%emt 0:00:00]} 63. Kc5 {[%emt 0:00:28]} Bf1 {[%emt 0:00:00]} 64. Nb6 {[%emt 0:00:47]} Be2 {[%emt 0:00:00]} 65. Nd5 {[%emt 0:00:18]} Bc4 {[%emt 0:00:00]} 66. Nc3 {[%emt 0:01:00]} Ka6 {[%emt 0:00:00]} 67. Kc6 {[%emt 0:00:55]} Bf1 {[%emt 0:00:00]} 68. Kc7 {[%emt 0:00:40]} Bg2 {[%emt 0:00:00]} 69. Ne2 {[%emt 0:00:46]} Be4 {[%emt 0:00:00]} 70. Nd4 {[%emt 0:00:19]} Bd5 {[%emt 0:00:00]} 71. Kd6 {[%emt 0:00:38]} Bg2 {[%emt 0:00:00]} 72. Kc5 {[%emt 0:00:10]} Bf1 {[%emt 0:00:00]} 73. Ne6 {[%emt 0:00:18]} Kb7 {[%emt 0:00:00]} 74. Nf4 {[%emt 0:02:04]} Bc4 {[%emt 0:00:00]} 75. Ng6 {[%emt 0:01:05]} Bf1 {[%emt 0:00:00]} 76. Ne7 {[%emt 0:00:18]} Bc4 {[%emt 0:00:00]} 77. Nc6 {[%emt 0:01:03]} Bf1 {[%emt 0:00:00]} 78. Nd4 {[%emt 0:02:47]} Ka6 {[%emt 0:00:00]} 79. Kc6 {[%emt 0:01:03]} Bg2+ {[%emt 0:00:00]} 80. Kc7 {[%emt 0:00:13]} Be4 {[%emt 0:00:00]} 81. Ne6 {[%emt 0:00:27]} Bg2 {[%emt 0:00:00]} 82. Nd8 {[%emt 0:01:06]} Bd5 {[%emt 0:00:00]} 83. Nc6 {[%emt 0:01:10]} Bg2 {[%emt 0:00:00]} 84. Nb8+ {[%emt 0:01:11]} Ka7 {[%emt 0:00:00]} 85. Nd7 {[%emt 0:00:18]} Ka6 {[%emt 0:00:00]} 86. Kd6 {[%emt 0:00:27]} Bf1 {[%emt 0:00:00]} 87. Kc5 {[%emt 0:00:35]} Be2 {[%emt 0:00:00]} 88. Nb8+ {[%emt 0:00:22]} Kb7 {[%emt 0:00:00]} 89. Nd7 {[%emt 0:00:29]} Ka6 {[%emt 0:00:00]} 90. Nf8 {[%emt 0:00:17]} Bg4 {[%emt 0:00:00]} 91. Ng6 {[%emt 0:00:14]} Be2 {[%emt 0:00:00]} 92. Ne7 {[%emt 0:00:12]} Bf1 {[%emt 0:00:00]} 93. Nd5 {[%emt 0:00:10]} Kb7 {[%emt 0:00:00]} 94. Nc3 {[%emt 0:00:22]} Ka6 {[%emt 0:00:00]} 95. Nxb5 {[%emt 0:00:13]} Bxb5 {[%emt 0:00:00]} 1/2-1/2

[Event "ESTCC 65 2019"]
[Site "Mali Losinj"]
[Date "2019.09.22"]
[Round "5.28"]
[White "Ristoja, Aulikki"]
[Black "Andersson, Finn"]
[Result "0-1"]
[WhiteElo "1558"]
[BlackElo "1771"]
[Annotator "NA"]
[PlyCount "119"]
[EventDate "2019.09.18"]
[EventType "team-tourn"]
[EventCountry "CRO"]
[SourceTitle "playchess.com"]
[Source "ChessBase"]
[SourceQuality "1"]
[WhiteTeam "Finland"]
[BlackTeam "Denmark"]
[WhiteTeamCountry "FIN"]
[BlackTeamCountry "DEN"]
[TimeControl "40/5400+30:1800+30"]

1. d4 {[%emt 0:00:30]} Nf6 {[%emt 0:00:30]} 2. Bf4 {[%emt 0:00:00]} d6 {[%emt 0:02:30]} 3. e3 {[%emt 0:00:00]} Bf5 {[%emt 0:01:30]} 4. c4 {[%emt 0:01:30]} Nbd7 {[%emt 0:00:30]} 5. Nc3 {[%emt 0:02:30]} e5 {[%emt 0:02:30]} 6. Bg3 {[%emt 0:03:30]} c6 {[%emt 0:03:30]} 7. Nf3 {[%emt 0:05:30]} Qc7 {[%emt 0:08:30]} 8. Be2 {[%emt 0:06:30]} Be7 {[%emt 0:06:30]} 9. h3 {[%emt 0:02:30]} h6 {[%emt 0:01:30]} 10. a3 {[%emt 0:03:30]} O-O {[%emt 0:07:30]} 11. O-O {[%emt 0:00:30]} Rfe8 {[%emt 0:04:30]} 12. Rc1 {[%emt 0:01:30]} e4 {[%emt 0:04:30]} 13. Nd2 {[%emt 0:01:30]} Bf8 {[%emt 0:00:30]} 14. b4 {[%emt 0:01:30]} Qd8 {[%emt 0:04:30]} 15. Nb3 {[%emt 0:03:30]} b6 {[%emt 0:05:30]} 16. Bh2 {[%emt 0:05:30]} Rc8 {[%emt 0:06:30]} 17. Qd2 {[%emt 0:02:30]} Qe7 {[%emt 0:02:30]} 18. Rfd1 {[%emt 0:04:30]} a6 {[%emt 0:04:30]} 19. d5 {[%emt 0:04:30]} c5 {[%emt 0:00:30]} 20. bxc5 {[%emt 0:01:30]} bxc5 {[%emt 0:00:30]} 21. Na5 {[%emt 0:02:30]} Nh7 {[%emt 0:03:30]} 22. Nc6 {[%emt 0:01:30]} Qg5 {[%emt 0:01:30]} 23. Bf4 {[%emt 0:01:30]} Qf6 {[%emt 0:00:30]} 24. Bf1 {[%emt 0:06:30]} g5 {[%emt 0:00:30]} 25. Bh2 {[%emt 0:00:30]} g4 {[%emt 0:01:30]} 26. hxg4 {[%emt 0:00:30]} Bxg4 {[%emt 0:00:30]} 27. Be2 {[%emt 0:01:30]} Qg6 {[%emt 0:02:30]} 28. Kh1 {[%emt 0:02:30]} Qh5 {[%emt 0:03:30]} 29. Bxg4 {[%emt 0:07:30]} Qxg4 {[%emt 0:00:00]} 30. Qe2 {[%emt 0:03:30]} Qh4 {[%emt 0:02:00]} 31. f3 {[%emt 0:03:30]} Nhf6 {[%emt 0:02:44]} 32. Rg1 {[%emt 0:04:20]} Kh8 {[%emt 0:04:39]} 33. Qe1 {[%emt 0:04:20]} Qg5 {[%emt 0:02:44]} 34. f4 {[%emt 0:03:43]} Qg4 {[%emt 0:03:58]} 35. Qg3 {[%emt 0:01:31]} h5 {[%emt 0:02:27]} 36. Rce1 {[%emt 0:02:36]} Bg7 {[%emt 0:02:31]} 37. Nd1 {[%emt 0:01:26]} Nb8 {[%emt 0:01:28]} 38. Na5 {[%emt 0:01:30]} Rg8 {[%emt 0:00:35]} 39. Nb7 {[%emt 0:02:04]} Qd7 {[%emt 0:00:37]} 40. Na5 {[%emt 0:00:32]} Bf8 {[%emt 0:01:36]} 41. Qh3 {[%emt 0:30:04]} Qg4 {[%emt 0:31:14]} 42. Nf2 {[%emt 0:00:00]} Qxh3 {[%emt 0:00:00]} 43. gxh3 {[%emt 0:00:00]} Be7 {[%emt 0:00:00]} 44. f5 {[%emt 0:00:00]} Rge8 {[%emt 0:00:00]} 45. Nb7 {[%emt 0:00:00]} Nbd7 {[%emt 0:00:00]} 46. Nxd6 {[%emt 0:00:00]} Bxd6 {[%emt 0:00:00]} 47. Bxd6 {[%emt 0:00:00]} Ne5 {[%emt 0:00:00]} 48. Rc1 {[%emt 0:00:00]} Nf3 {[%emt 0:00:00]} 49. Rg2 {[%emt 0:00:00]} Nh7 {[%emt 0:00:00]} 50. Bf4 {[%emt 0:00:00]} Nh4 {[%emt 0:00:00]} 51. d6 {[%emt 0:00:00]} Nxg2 {[%emt 0:00:00]} 52. Kxg2 {[%emt 0:00:00]} Nf6 {[%emt 0:00:00]} 53. Rb1 {[%emt 0:00:00]} Rb8 {[%emt 0:01:04]} 54. Rd1 {[%emt 0:01:51]} Nd7 {[%emt 0:00:22]} 55. Kg3 {[%emt 0:04:03]} Rb2 {[%emt 0:01:03]} 56. Rc1 {[%emt 0:02:53]} a5 {[%emt 0:00:49]} 57. Nd1 {[%emt 0:01:30]} Rg8+ {[%emt 0:00:50]} 58. Bg5 {[%emt 0:01:26]} Rxg5+ {[%emt 0:01:12]} 59. Kf4 {[%emt 0:00:06]} Rbg2 {[%emt 0:00:01]} 60. Kxe4 {[%emt 0:01:35]} 0-1